000 02436cam a2200289 4500500
005 20251228050259.0
041 _afre
042 _adc
100 1 0 _aCampagnolo, Gilles
_eauthor
245 0 0 _aHegel et l’économie politique de son temps
260 _c2019.
500 _a97
520 _aDans Économie politique et philosophie chez Steuart et Hegel (1963), Paul Chamley examine l’intérêt que Hegel prit tôt pour l’économie. Il le rapporte à l’influence sur Hegel de la lecture, à Francfort, de l’ Enquête publiée par James Steuart, ouvrage (aujourd’hui trop négligé) qui précéda La Richesse des nations d’Adam Smith. Quels thèmes majeurs Hegel y puisa-t-il ? Existe-t-il d’ailleurs une « économie hégélienne » per se ? Les notions hégéliennes en ce domaine sont-elles d’un bloc ? Outre l’effet du livre de Steuart, s’exercèrent les influences du caméralisme germanique traditionnel et du classicisme britannique naissant. Il faut donc montrer plus de circonspection que Chamley n’en eut et cet essai réévalue les vues de Hegel sur l’économie dans son époque
520 _aHegel and political economy in his timeIn Économie politique et philosophie chez Steuart et Hegel (1963), Paul Chamley examined Hegel’s interest in economics. Chamley stressed the influence on Hegel of reading Sir James Steuart’s An Inquiry into the Principles of Political Economy, a major work (too overlooked today) that preceded Adam Smith’s Wealth of Nations. Now, is there such a thing as “Hegelian economics?” If so, what are its themes and is it fully consistent, or should one consider, besides the influence of Steuart, that of a body of traditional German Cameralist writings as well as that of incipient British classicism? This essay reevaluates Hegelian views on economics with regard to the knowledge that Hegel drew from economics in his time
690 _aCaméralisme allemand
690 _aChamley (Paul)
690 _aHegel (G.W.F)
690 _aSmith (Adam)
690 _aSteuart (Sir James)
690 _aChamley (Paul)
690 _aGerman Cameralists
690 _aHegel (G.W.F.)
690 _aSmith (Adam)
690 _aSteuart (Sir James)
786 0 _nArchives de philosophie | 82 | 4 | 2019-10-23 | p. 749-769 | 0003-9632
856 4 1 _uhttps://shs.cairn.info/revue-archives-de-philosophie-2019-4-page-749?lang=fr&redirect-ssocas=7080
999 _c1580340
_d1580340